[Event "4NCL Online Division 5"]
[Site "online"]
[Date "2021.09.07"]
[EventDate "2021.09.07"]
[Round "2.193"]
[White "O’Donnell, Anthony"]
[WhiteElo "1003"]
[WhiteTeam "Deaf England 2"]
[Black "Burnton, Joshua"]
[BlackElo "1374"]
[BlackTeam "MHJ Bishops"]
[Result "1-0"]
[PlyCount "33"]

1. e4 e5 2. Nf3 Nc6 3. Nc3 Nf6 4. d4 Bb4 5. Nxe5 Nxe5 6. dxe5 Nxe4 7. Qg4 Bxc3+ 8. bxc3 Nxc3 9. Qxg7 Rf8 10. Bg5 f6 11. Bxf6 Rxf6 12. exf6 d5 13. f7+ Kd7 14. f8=Q+ Kc6 15. Qxc3+ Kd7 16. Qcg7+ Kc6 17. Qxd8 1-0

[Event "4NCL Online Division 5"]
[Site "online"]
[Date "2021.09.07"]
[EventDate "2021.09.07"]
[Round "2.201"]
[White "Lamb, Ian"]
[WhiteElo "1638"]
[WhiteTeam "Bolton and Worsley 2"]
[Black "Amos, Katherine"]
[BlackElo "1295"]
[BlackTeam "Farnham C"]
[Result "1-0"]
[PlyCount "111"]

1. c4 Nf6 2. g3 e6 3. Bg2 d5 4. Nf3 Bc5 5. d4 Bb4+ 6. Bd2 Qd6 7. c5 Bxd2+ 8. Nbxd2 Qe7 9. O-O O-O 10. b4 c6 11. a4 Bd7 12. Qb3 Ng4 13. h3 Nh6 14. b5 Nf5 15. e4 dxe4 16. Nxe4 cxb5 17. axb5 f6 18. g4 Nh6 19. Nd6 Bc8 20. Rfe1 Nf7 21. Nxc8 Rxc8 22. Qxe6 Qxe6 23. Rxe6 Nd7 24. Nd2 Rc7 25. b6 Nxb6 26. cxb6 Rd7 27. Rxa7 Rc8 28. Rxb7 Rxd4 29. Rc7 Rb8 30. b7 Rxd2 31. Rc8+ Rd8 32. Rxb8 Rxb8 33. Ra6 Nd6 34. Ra8 Nxb7 35. Rxb8+ Kf7 36. Rxb7+ Kg6 37. Be4+ Kh6 38. Kg2 g6 39. Rb6 Kg7 40. Kg3 Kf7 41. f4 Kg7 42. h4 Kh6 43. Rxf6 Kg7 44. Rb6 Kh6 45. g5+ Kg7 46. Rb7+ Kg8 47. Kg4 Kh8 48. h5 gxh5+ 49. Kxh5 Kg8 50. Bxh7+ Kh8 51. Be4 Kg8 52. f5 Kf8 53. Bd5 Ke8 54. g6 Kf8 55. g7+ Ke8 56. g8=Q# 1-0

[Event "4NCL Online Division 5"]
[Site "online"]
[Date "2021.09.07"]
[EventDate "2021.09.07"]
[Round "2.202"]
[White "Warnock, Oliver"]
[WhiteElo "1294"]
[WhiteTeam "Farnham C"]
[Black "Lane, Anthony J"]
[BlackElo "1711"]
[BlackTeam "Bolton and Worsley 2"]
[Result "0-1"]
[PlyCount "52"]

1. d4 g6 2. c4 f5 3. e4 fxe4 4. Nc3 Nf6 5. Qe2 Bg7 6. Nxe4 Nxe4 7. Qxe4 Nc6 8. d5 Ne5 9. f4 Nf7 10. Nf3 d6 11. h3 Bf5 12. Qe2 O-O 13. g4 Bd7 14. Be3 e6 15. O-O-O exd5 16. cxd5 Re8 17. Qf2 c6 18. dxc6 Bxc6 19. Rg1 Rc8 20. Kb1 Qe7 21. Bxa7 Qe4+ 22. Rd3 Bb5 23. Qd2 Bxd3+ 24. Qxd3 Qe1+ 25. Nxe1 Rxe1+ 26. Qd1 Rxd1# 0-1

[Event "4NCL Online Division 5"]
[Site "online"]
[Date "2021.09.07"]
[EventDate "2021.09.07"]
[Round "2.203"]
[White "Busznyak, Arpad"]
[WhiteElo "1602"]
[WhiteTeam "Bolton and Worsley 2"]
[Black "Franklin, Tony"]
[BlackElo "1274"]
[BlackTeam "Farnham C"]
[Result "1-0"]
[PlyCount "53"]

1. e4 d5 2. exd5 Nf6 3. c4 Bg4 4. Be2 Bxe2 5. Qxe2 c5 6. Nf3 Nbd7 7. Nc3 Qc7 8. Nb5 Qa5 9. Nd6+ Kd8 10. Nxb7+ Kc8 11. Nxa5 h5 12. d4 h4 13. Ne5 Nxe5 14. dxe5 Nd7 15. Nc6 e6 16. d6 f6 17. f4 f5 18. Qc2 Nb8 19. Na5 g6 20. Qa4 Bg7 21. Be3 Rd8 22. Qb5 Rd7 23. Bxc5 a6 24. Qa4 Kd8 25. Bb6+ Kc8 26. c5 Rb7 27. Qe8# 1-0

[Event "4NCL Online Division 5"]
[Site "online"]
[Date "2021.09.07"]
[EventDate "2021.09.07"]
[Round "2.204"]
[White "Warren, Orla"]
[WhiteElo "1146"]
[WhiteTeam "Farnham C"]
[Black "Houlston, Michael"]
[BlackElo "1435"]
[BlackTeam "Bolton and Worsley 2"]
[Result "0-1"]
[PlyCount "80"]

1. d4 d5 2. Bf4 Nf6 3. e3 e6 4. Nd2 Bd6 5. Bg3 Bxg3 6. hxg3 c6 7. Bd3 Nbd7 8. Ngf3 Qc7 9. c3 c5 10. b4 c4 11. Bc2 b5 12. a4 Ba6 13. Rh4 g6 14. g4 O-O-O 15. Ng5 Nb8 16. Ndf3 h6 17. Nh3 g5 18. Nhxg5 hxg5 19. Rxh8 Rxh8 20. Nxg5 Rh1+ 21. Ke2 Rxd1 22. Rxd1 Nxg4 23. Rh1 Qe7 24. Rh8+ Kc7 25. Nf3 Nd7 26. Rg8 Ndf6 27. Rg7 Qf8 28. Rg5 bxa4 29. Bxa4 Ne4 30. Ne5 Nxe5 31. Rxe5 Nxc3+ 32. Kd2 Nxa4 33. e4 Qxb4+ 34. Ke3 dxe4 35. Kxe4 Bb7+ 36. d5 c3+ 37. Kd3 Nc5+ 38. Kc2 Qb2+ 39. Kd1 c2+ 40. Kd2 c1=Q# 0-1

[Event "4NCL Online Division 5"]
[Site "online"]
[Date "2021.09.07"]
[EventDate "2021.09.07"]
[Round "2.211"]
[White "de Jonge, Henk"]
[WhiteElo "1945"]
[WhiteTeam "Cork"]
[Black "Leigh, Dominic"]
[BlackElo "1721"]
[BlackTeam "Hackney Spice Boys"]
[Result "1-0"]
[PlyCount "93"]

1. d4 Nf6 2. c4 g6 3. f3 Bg7 4. e4 d6 5. Nc3 O-O 6. Bg5 Nbd7 7. Qd2 c6 8. Nh3 Qc7 9. Nf2 e5 10. d5 c5 11. g4 Ne8 12. Be7 a6 13. a4 Ndf6 14. Bxf8 Bxf8 15. h4 h5 16. Be2 Ng7 17. O-O-O Qa5 18. b3 Qb4 19. Kc2 Bd7 20. Ra1 Qa5 21. Rhg1 Be7 22. g5 Nfe8 23. f4 exf4 24. Qxf4 f6 25. Bd3 f5 26. e5 dxe5 27. Qxe5 Bd6 28. Qe1 Qc7 29. Nh3 Be5 30. Rd1 Bd4 31. Rg2 Nd6 32. Nf4 Re8 33. Re2 Nxc4 34. Rxe8+ Bxe8 35. Bxc4 Qxf4 36. Rd3 Kh7 37. Qe7 Qf2+ 38. Rd2 Qg3 39. Ne2 Qxh4 40. d6 Bc6 41. d7 Be4+ 42. Bd3 Bxd3+ 43. Rxd3 Qe1 44. d8=Q Qa1 45. Nxd4 Qa2+ 46. Kd1 Qb1+ 47. Ke2 1-0

[Event "4NCL Online Division 5"]
[Site "online"]
[Date "2021.09.07"]
[EventDate "2021.09.07"]
[Round "2.212"]
[White "Rosenbaum, Danny"]
[WhiteElo "1697"]
[WhiteTeam "Hackney Spice Boys"]
[Black "Lawrence, Simon"]
[BlackElo "1682"]
[BlackTeam "Cork"]
[Result "0-1"]
[PlyCount "72"]

1. e4 c5 2. Nf3 Nc6 3. d4 cxd4 4. Nxd4 e5 5. Nb3 Nf6 6. f3 d5 7. exd5 Nxd5 8. Bd2 Be7 9. Nc3 O-O 10. Nxd5 Qxd5 11. Bd3 Be6 12. O-O Rfd8 13. Qe2 Nd4 14. Nxd4 Qxd4+ 15. Kh1 Qxb2 16. Rab1 Qxa2 17. Rxb7 Bf6 18. Rfb1 a5 19. Be4 Bd5 20. R7b2 Qa4 21. Bxd5 Rxd5 22. Rb8+ Rd8 23. Rxa8 Rxa8 24. Bc3 h6 25. h3 Qc6 26. Qd2 a4 27. Ba1 Rc8 28. Re1 a3 29. Qa5 Ra8 30. Qd2 a2 31. Re3 Qb5 32. Rb3 Qf1+ 33. Kh2 Bg5 34. Qc3 Bf4+ 35. g3 Qf2+ 36. Kh1 Bxg3 0-1

[Event "4NCL Online Division 5"]
[Site "online"]
[Date "2021.09.07"]
[EventDate "2021.09.07"]
[Round "2.213"]
[White "Bradley, Michael"]
[WhiteElo "1456"]
[WhiteTeam "Cork"]
[Black "Saunois, Anthony"]
[BlackElo "1400"]
[BlackTeam "Hackney Spice Boys"]
[Result "1-0"]
[PlyCount "82"]

1. e4 d6 2. d4 Nf6 3. Nc3 g6 4. Bg5 Bg7 5. e5 dxe5 6. dxe5 Qxd1+ 7. Rxd1 Ng4 8. h3 Nxe5 9. Nd5 Na6 10. Bxa6 Kd7 11. Bb5+ c6 12. Nb6+ Kc7 13. Nxa8+ Kb8 14. Ba4 f6 15. Bf4 Kxa8 16. Ne2 g5 17. Bg3 Nc4 18. Rb1 Nb6 19. Bb3 f5 20. Bc7 Nd5 21. Bxd5 cxd5 22. O-O Bd7 23. Rfd1 Rc8 24. Bh2 f4 25. Rxd5 Be6 26. Rxg5 Bh6 27. Rh5 Bg7 28. Rxh7 Be5 29. Rxe7 Bxa2 30. Rxe5 Bxb1 31. Bxf4 Bxc2 32. Nc3 a6 33. Re7 b5 34. Nd5 Rc6 35. Nc7+ Kb7 36. Nxb5+ Kb6 37. Nd4 Rg6 38. Nxc2 a5 39. Na3 Rf6 40. Be3+ Kc6 41. Ra7 Rf5 1-0

[Event "4NCL Online Division 5"]
[Site "online"]
[Date "2021.09.07"]
[EventDate "2021.09.07"]
[Round "2.214"]
[White "Wouters, Olivier"]
[WhiteElo "1347"]
[WhiteTeam "Hackney Spice Boys"]
[Black "Shindgi, Sumanth"]
[BlackElo "1111"]
[BlackTeam "Cork"]
[Result "1-0"]
[PlyCount "113"]

1. d4 d5 2. c4 Nf6 3. Nc3 Bf5 4. Bf4 e6 5. Nf3 c5 6. e3 Nc6 7. a3 Be7 8. Be2 cxd4 9. Nxd4 Nxd4 10. Qxd4 O-O 11. O-O b6 12. cxd5 Bc5 13. Qd2 Ne4 14. Nxe4 Bxe4 15. Rfd1 Bxd5 16. b4 Be7 17. Qd4 Rc8 18. Rac1 Rxc1 19. Rxc1 Bd6 20. Bxd6 Qxd6 21. e4 Qf4 22. Rd1 Qxe4 23. Qxe4 Bxe4 24. Rd7 Rc8 25. h4 a5 26. bxa5 bxa5 27. Ra7 Ra8 28. Rc7 g6 29. Bb5 Rd8 30. Ra7 Rd1+ 31. Kh2 Rd2 32. Kg3 Kg7 33. Rxa5 Rd5 34. a4 Bd3 35. Kh2 Kf6 36. g3 Ke5 37. Ra7 Bxb5 38. axb5 Kf6 39. b6 Rb5 40. b7 h5 41. Kg2 e5 42. Kf3 Ke6 43. Ke4 f5+ 44. Kd3 Kd5 45. Ke3 Rb3+ 46. Kd2 Rb6 47. Ra5+ Kd6 48. Ra6 Kc7 49. Rxb6 Kxb6 50. b8=Q+ Kc6 51. Qd8 e4 52. Ke3 Kc5 53. Kf4 Kc6 54. Kg5 e3 55. fxe3 Kc5 56. Kxg6 Kc6 57. Kxf5 1-0

[Event "4NCL Online Division 5"]
[Site "online"]
[Date "2021.09.07"]
[EventDate "2021.09.07"]
[Round "2.231"]
[White "Hayes, Solomon"]
[WhiteElo "1479"]
[WhiteTeam "Wells Globetrotters 2"]
[Black "Kosznik, Dariusz"]
[BlackElo "1867"]
[BlackTeam "Dundee City C"]
[Result "0-1"]
[PlyCount "86"]

1. e4 e6 2. d4 d5 3. Nd2 Nf6 4. e5 Nfd7 5. Bd3 c5 6. c3 Nc6 7. Ne2 Qb6 8. Nf3 Be7 9. O-O cxd4 10. cxd4 O-O 11. Qc2 h6 12. a3 a5 13. Be3 a4 14. Kh1 Qa7 15. Rg1 Nb6 16. g4 Bd7 17. g5 h5 18. g6 f5 19. exf6 Bxf6 20. Nf4 Nc4 21. Nxh5 Nxe3 22. fxe3 Be7 23. Raf1 e5 24. Nxe5 Nxe5 25. dxe5 Qxe3 26. Rf7 Rxf7 27. gxf7+ Kxf7 28. Bg6+ Kg8 29. Bf7+ Kh8 30. Qg2 Qxe5 31. Nxg7 Qe4 32. Bxd5 Qxg2+ 33. Rxg2 Bc6 34. Bxc6 bxc6 35. Nf5 Bf6 36. Rc2 Ra6 37. Kg2 Rb6 38. Kg3 Bxb2 39. Ne7 Bxa3 40. Nxc6 Bd6+ 41. Kg4 a3 42. Rc3 a2 43. Rc1 Rb1 0-1

[Event "4NCL Online Division 5"]
[Site "online"]
[Date "2021.09.07"]
[EventDate "2021.09.07"]
[Round "2.232"]
[White "Anderson, James"]
[WhiteElo "1630"]
[WhiteTeam "Dundee City C"]
[Black "Balch, Keith"]
[BlackElo "1478"]
[BlackTeam "Wells Globetrotters 2"]
[Result "1-0"]
[PlyCount "97"]

1. d3 g6 2. Bd2 Bg7 3. Bc3 Bxc3+ 4. Nxc3 d6 5. e4 Nc6 6. Nge2 Nf6 7. g3 Bg4 8. Bg2 Qd7 9. Qd2 Ne5 10. O-O-O Bf3 11. Bxf3 Nxf3 12. Qf4 Ne5 13. h3 O-O-O 14. d4 Nc4 15. d5 Rhf8 16. g4 e6 17. Qxf6 exd5 18. Qd4 Nb6 19. exd5 Kb8 20. Ng3 f5 21. f3 fxg4 22. fxg4 Rf3 23. Nge2 Rdf8 24. a4 a6 25. a5 Na8 26. Qe4 Qf7 27. Qe6 Qg7 28. Kb1 Qh6 29. Qe4 Re3 30. Qg2 Rfe8 31. g5 Qg7 32. Nd4 Qe5 33. h4 b6 34. Nc6+ Kb7 35. Nxe5 R8xe5 36. Qf2 bxa5 37. Rhe1 Rxe1 38. Rxe1 Rxe1+ 39. Qxe1 Nb6 40. Qe7 a4 41. Qxh7 a3 42. b3 a5 43. Ka2 a4 44. Kxa3 axb3 45. cxb3 Ka6 46. Qxg6 Ka5 47. Qe8 Ka6 48. Qc6 Ka5 49. Qb5# 1-0

[Event "4NCL Online Division 5"]
[Site "online"]
[Date "2021.09.07"]
[EventDate "2021.09.07"]
[Round "2.233"]
[White "Rossi, Jonathan"]
[WhiteElo "1461"]
[WhiteTeam "Wells Globetrotters 2"]
[Black "Flood, Raymond"]
[BlackElo "1623"]
[BlackTeam "Dundee City C"]
[Result "1-0"]
[PlyCount "79"]

1. c4 e5 2. g3 f5 3. Bg2 Nf6 4. Nc3 Nc6 5. Nf3 d6 6. b3 Be7 7. Bb2 O-O 8. O-O Qe8 9. d3 Qh5 10. h3 e4 11. Nh2 Bd7 12. dxe4 fxe4 13. g4 Nxg4 14. Nxg4 Bxg4 15. hxg4 Qxg4 16. Qd5+ Kh8 17. Qxe4 Rf4 18. Qe3 Bg5 19. Qh3 Raf8 20. Qxg4 Rxg4 21. Nd5 Rf7 22. f3 Rh4 23. e3 Ne7 24. f4 Bh6 25. Nxc7 Nf5 26. Nd5 Nxe3 27. Nxe3 Bxf4 28. Rf3 Bh2+ 29. Kf2 Bf4 30. Bd4 Kg8 31. Bxa7 b5 32. Bd4 bxc4 33. Nxc4 d5 34. Ne5 Rf5 35. Rh1 Rfh5 36. Rxh4 Rxh4 37. a4 Bh6 38. Bc5 g6 39. Rd3 Rf4+ 40. Bf3 1-0

[Event "4NCL Online Division 5"]
[Site "online"]
[Date "2021.09.07"]
[EventDate "2021.09.07"]
[Round "2.234"]
[White "Hackney, Leyton"]
[WhiteElo "1597"]
[WhiteTeam "Dundee City C"]
[Black "Austin, Antony"]
[BlackElo "1349"]
[BlackTeam "Wells Globetrotters 2"]
[Result "1-0"]
[PlyCount "111"]

1. c4 c5 2. Nc3 e6 3. Nf3 b6 4. g3 Bb7 5. Bg2 d5 6. cxd5 exd5 7. d4 Nf6 8. O-O cxd4 9. Nxd4 Bc5 10. Bg5 O-O 11. Nb3 Be7 12. Rc1 Ne4 13. Bxe7 Qxe7 14. Nxd5 Qe5 15. Nc7 Nc6 16. Nxa8 Bxa8 17. Qc2 Nb4 18. Qb1 a5 19. a3 Na6 20. Qd3 Nac5 21. Nxc5 Nxc5 22. Qc2 Bxg2 23. Kxg2 h6 24. b4 axb4 25. axb4 Ne4 26. Qd3 b5 27. f3 Nd6 28. Rc5 Qf6 29. e4 Nb7 30. Rxb5 Rd8 31. Rd5 Rc8 32. Rf2 Nd8 33. e5 Qe7 34. Rd7 Qf8 35. b5 Ne6 36. Qd6 Qe8 37. Qe7 Nc5 38. Qxe8+ Rxe8 39. Rd5 Ne6 40. b6 h5 41. Rb2 h4 42. b7 Rb8 43. Ra5 Nc7 44. Rc5 Na6 45. Rc8+ Kh7 46. Rb6 hxg3 47. Kxg3 g6 48. Rxa6 Rxb7 49. e6 fxe6 50. Rxe6 Rb5 51. Rcc6 Rg5+ 52. Kf2 Kh6 53. h4 Rd5 54. Rxg6+ Kh5 55. Kg3 Rd4 56. Rh6# 1-0

[Event "4NCL Online Division 5"]
[Site "online"]
[Date "2021.09.07"]
[EventDate "2021.09.07"]
[Round "2.241"]
[White "Salter, Ivor"]
[WhiteElo "1590"]
[WhiteTeam "Shropshire and Friends 6"]
[Black "Thomas, Jacob"]
[BlackElo "1481"]
[BlackTeam "War & Piece Banner"]
[Result "0-1"]
[PlyCount "66"]

1. e4 c5 2. d4 cxd4 3. c3 dxc3 4. Nxc3 d6 5. Bc4 e6 6. Nf3 Nf6 7. O-O Be7 8. Qe2 Nbd7 9. Rd1 a6 10. e5 dxe5 11. Nxe5 O-O 12. Bf4 b5 13. Bb3 Qb6 14. Nxd7 Bxd7 15. Be5 Bc6 16. Bxf6 Bxf6 17. Ne4 Bxe4 18. Qxe4 Bxb2 19. Rab1 Bf6 20. a4 b4 21. Bc2 g6 22. Rxb4 Qc5 23. Rc4 Qe7 24. h3 Rfd8 25. Qe2 Rxd1+ 26. Bxd1 Qd8 27. Qc2 Kg7 28. Bf3 Rb8 29. Rc7 Rb2 30. Qc6 Rb1+ 31. Kh2 Be5+ 32. g3 Qxc7 33. Qxa6 Qc1 0-1

[Event "4NCL Online Division 5"]
[Site "online"]
[Date "2021.09.07"]
[EventDate "2021.09.07"]
[Round "2.242"]
[White "Bailey, Duncan"]
[WhiteElo "1389"]
[WhiteTeam "War & Piece Banner"]
[Black "Jones, Andrew"]
[BlackElo "1505"]
[BlackTeam "Shropshire and Friends 6"]
[Result "1-0"]
[PlyCount "119"]

1. c4 e6 2. Nc3 Nf6 3. g3 c6 4. e4 d5 5. e5 Nfd7 6. d4 Be7 7. c5 O-O 8. Bg2 f6 9. f4 Qe8 10. Nf3 fxe5 11. fxe5 Qg6 12. O-O b6 13. b4 bxc5 14. bxc5 Ba6 15. Ne2 Bxe2 16. Qxe2 a5 17. Nh4 Rxf1+ 18. Qxf1 Bxh4 19. gxh4 Qg4 20. Qf2 Na6 21. Be3 Rf8 22. Qg3 Qxg3 23. hxg3 Nc7 24. a4 Nb8 25. Bd2 g6 26. Bxa5 Ne8 27. Bd2 Ng7 28. a5 Na6 29. Rb1 Nf5 30. Rb6 Ra8 31. Be3 Nxe3 32. Rxc6 Nxg2 33. Kxg2 Kf7 34. Rd6 Ke7 35. c6 h5 36. Rd7+ Kf8 37. c7 Ke8 38. Rh7 Rc8 39. Rh8+ Kd7 40. Rxc8 Kxc8 41. Kf3 Kxc7 42. Kf4 Nb4 43. Kg5 Nc6 44. Kxg6 Nxd4 45. Kxh5 Nf5 46. Kg4 Kc6 47. h5 Kb5 48. Kg5 Nxg3 49. h6 Ne4+ 50. Kg6 d4 51. h7 d3 52. h8=Q d2 53. Qh1 Kxa5 54. Qa1+ Kb4 55. Qd4+ Kb3 56. Kf7 Ng5+ 57. Kf6 Nf3 58. Qe3+ Kc2 59. Qxf3 d1=Q 60. Qxd1+ 1-0

[Event "4NCL Online Division 5"]
[Site "online"]
[Date "2021.09.07"]
[EventDate "2021.09.07"]
[Round "2.243"]
[White "Holmes, Nick D"]
[WhiteElo "1497"]
[WhiteTeam "Shropshire and Friends 6"]
[Black "O'Neill, Stephen G"]
[BlackElo "1385"]
[BlackTeam "War & Piece Banner"]
[Result "1-0"]
[PlyCount "91"]

1. c4 e6 2. Nc3 Nf6 3. g3 d5 4. cxd5 Nxd5 5. d4 Bb4 6. Bd2 O-O 7. Bg2 c6 8. Nf3 Qa5 9. Nxd5 Bxd2+ 10. Nxd2 cxd5 11. O-O Nc6 12. Nb3 Qb5 13. e4 Ne7 14. Re1 Bd7 15. Rc1 Rac8 16. e5 b6 17. h4 a5 18. Qd2 h6 19. Na1 a4 20. Bf1 Qa5 21. Qxa5 bxa5 22. Bd3 Rc6 23. Rc2 Rfc8 24. Rec1 Nf5 25. Rxc6 Rxc6 26. Rxc6 Bxc6 27. Bxf5 exf5 28. f4 f6 29. exf6 g6 30. Nc2 Kf7 31. Ne3 Kxf6 32. Kg2 g5 33. fxg5+ hxg5 34. h5 g4 35. h6 Kg6 36. Nxf5 Bb7 37. Kf2 Ba8 38. Ke3 Bb7 39. Kf4 Kh7 40. Kxg4 Bc8 41. Kg5 Bxf5 42. Kxf5 Kxh6 43. Ke5 Kg5 44. Kxd5 Kg4 45. Kc5 Kxg3 46. d5 1-0

[Event "4NCL Online Division 5"]
[Site "online"]
[Date "2021.09.07"]
[EventDate "2021.09.07"]
[Round "2.244"]
[White "Blair, Jimmy"]
[WhiteElo "1382"]
[WhiteTeam "War & Piece Banner"]
[Black "Bonner, Dennis M"]
[BlackElo "1477"]
[BlackTeam "Shropshire and Friends 6"]
[Result "1-0"]
[PlyCount "87"]

1. e4 c5 2. Nf3 d6 3. Bc4 Nf6 4. Ng5 e6 5. d3 a6 6. a3 Be7 7. Nc3 b5 8. Ba2 h6 9. Nf3 Nbd7 10. O-O Bb7 11. Be3 Rc8 12. Qd2 Ng4 13. Bf4 e5 14. Bg3 Ngf6 15. Nh4 O-O 16. Nf5 Kh7 17. Nxe7 Qxe7 18. Bh4 g5 19. Bg3 Nb6 20. h3 c4 21. d4 Nxe4 22. Nxe4 Bxe4 23. f3 Bg6 24. c3 Rfd8 25. Rfe1 Qb7 26. Bb1 Bxb1 27. Raxb1 Kg8 28. h4 f6 29. hxg5 hxg5 30. Kf2 Rc7 31. dxe5 fxe5 32. Qxg5+ Rg7 33. Qxd8+ Kf7 34. Bh4 Nd5 35. Qxd6 Qa7+ 36. Kf1 Ne3+ 37. Rxe3 Qxe3 38. Re1 Qf4 39. Qd7+ Kg8 40. Qe8+ Kh7 41. Bf2 Qh2 42. Rxe5 Qxg2+ 43. Ke2 Kh6 44. Qh5# 1-0

[Event "4NCL Online Division 5"]
[Site "online"]
[Date "2021.09.07"]
[EventDate "2021.09.07"]
[Round "2.251"]
[White "Cepoi, Gesneria-Codruta"]
[WhiteElo "1344"]
[WhiteTeam "Uxbridge E"]
[Black "Cule, Jurica"]
[BlackElo "1547"]
[BlackTeam "Guildford Castles 3"]
[Result "1/2-1/2"]
[PlyCount "62"]

1. e4 d6 2. d4 Nf6 3. Nc3 Nbd7 4. Nf3 e5 5. d5 c6 6. Bg5 Be7 7. Bxf6 Bxf6 8. dxc6 bxc6 9. Qxd6 Qb6 10. Na4 Qa5+ 11. Nc3 Qb6 12. Rb1 Qc5 13. Qd2 O-O 14. Na4 Qe7 15. Bc4 Bb7 16. Rd1 Rfd8 17. Qe3 Qb4+ 18. Qc3 Qxa4 19. b3 Qa3 20. O-O Ba6 21. Nd2 Bxc4 22. Nxc4 Qc5 23. b4 Qb5 24. Nd6 Qb6 25. Qc4 Rf8 26. a4 Rad8 27. a5 Qc7 28. Nb5 Qb7 29. Nd6 Qc7 30. Nb5 Qb7 31. Nd6 Qc7 1/2-1/2

[Event "4NCL Online Division 5"]
[Site "online"]
[Date "2021.09.07"]
[EventDate "2021.09.07"]
[Round "2.252"]
[White "Moreno Serrano, Carlos"]
[WhiteElo "1521"]
[WhiteTeam "Guildford Castles 3"]
[Black "Martellotta, Gabriele"]
[BlackElo "1333"]
[BlackTeam "Uxbridge E"]
[Result "1/2-1/2"]
[PlyCount "150"]

1. c4 e5 2. Nc3 Nf6 3. g3 Be7 4. Bg2 O-O 5. e4 Nc6 6. Nge2 d6 7. h3 Be6 8. d3 Qd7 9. Nd5 Bd8 10. g4 h6 11. Ng3 Nd4 12. Be3 c6 13. Nxf6+ Bxf6 14. Bxd4 exd4 15. O-O Rae8 16. f4 Qc7 17. f5 Bc8 18. Nh5 Bg5 19. Nf4 d5 20. cxd5 cxd5 21. Nxd5 Qd6 22. Qa4 Qe5 23. Qxa7 Rd8 24. Rae1 Rd7 25. Qc5 Rfd8 26. b4 Rd6 27. b5 Be3+ 28. Kh1 b6 29. Qc4 Bb7 30. Nxe3 dxe3 31. Rxe3 Rc8 32. Qb4 Rc2 33. a4 Rb2 34. Qe1 Ra2 35. Qd1 Qb2 36. Re2 Qxe2 37. Qxe2 Rxe2 38. Rf3 Rd4 39. Bf1 Re1 40. Kg2 Ra1 41. Rf2 Raxa4 42. Rc2 Rd7 43. Kf3 Kf8 44. h4 f6 45. Kf4 Rb4 46. g5 fxg5+ 47. hxg5 hxg5+ 48. Kxg5 Rxb5 49. Rh2 Rb1 50. Rh8+ Ke7 51. Be2 Rg1+ 52. Kf4 Rd8 53. Rh2 Ba6 54. Ke3 b5 55. d4 Kf6 56. Rh5 g6 57. Rh6 Kg7 58. Rh4 gxf5 59. exf5 Kf6 60. Rh6+ Kxf5 61. Rxa6 Re8+ 62. Kd3 Rg3+ 63. Kd2 Rb8 64. Ra5 Rb3 65. Kc2 Rb4 66. Kc3 Ra4 67. Rxb5+ Rxb5 68. Bxb5 Ra8 69. Bc6 Rd8 70. d5 Ke5 71. Kc4 Kd6 72. Kd4 Kc7 73. Kc5 Rd6 74. Kd4 Kb6 75. Ke5 Rh6 1/2-1/2

[Event "4NCL Online Division 5"]
[Site "online"]
[Date "2021.09.07"]
[EventDate "2021.09.07"]
[Round "2.253"]
[White "Morton, Samuel"]
[WhiteElo "1300"]
[WhiteTeam "Uxbridge E"]
[Black "Garrood, Anthony"]
[BlackElo "1518"]
[BlackTeam "Guildford Castles 3"]
[Result "0-1"]
[PlyCount "106"]

1. e4 e5 2. Nf3 Nc6 3. c3 Nf6 4. Qc2 d5 5. d3 Be7 6. Be3 O-O 7. Nbd2 h6 8. d4 exd4 9. Nxd4 Nxd4 10. Bxd4 c5 11. Be3 Ng4 12. Qd3 Nxe3 13. Qxe3 d4 14. cxd4 cxd4 15. Qd3 Bb4 16. a3 Ba5 17. Be2 Re8 18. Bf3 f5 19. b4 Bb6 20. O-O Qg5 21. Rae1 Bd7 22. h4 Qxh4 23. exf5 Kh8 24. Re4 Rxe4 25. Bxe4 Bc6 26. Re1 Re8 27. Nf3 Qf4 28. g3 Qg4 29. Nh2 Qh5 30. Kg2 Qxf5 31. f3 Qg5 32. Re2 Bc7 33. f4 Bxf4 34. Nf1 Be3 35. Bxc6 bxc6 36. Nh2 Qd5+ 37. Nf3 Rf8 38. Rxe3 dxe3 39. Qxe3 g5 40. Qe5+ Qxe5 41. Nxe5 Rf6 42. g4 Kg7 43. Kg3 Rd6 44. Kf3 Kf6 45. Nc4 Re6 46. Ne3 Ke5 47. Nc2 Kd5 48. Ne3+ Kd4 49. Nc2+ Kc3 50. Ne3 Kb3 51. Nf5 Kxa3 52. b5 cxb5 53. Nd4 Rb6 0-1

[Event "4NCL Online Division 5"]
[Site "online"]
[Date "2021.09.07"]
[EventDate "2021.09.07"]
[Round "2.254"]
[White "Kelly, Adam"]
[WhiteElo "896"]
[WhiteTeam "Guildford Castles 3"]
[Black "Peddireddi, Satya"]
[BlackElo "1035"]
[BlackTeam "Uxbridge E"]
[Result "1-0"]
[PlyCount "35"]

1. d4 Nf6 2. c4 e6 3. Nf3 d5 4. e3 c6 5. Nc3 Bb4 6. Bd3 dxc4 7. Bxc4 Ne4 8. Qc2 Nd6 9. O-O Nxc4 10. a3 Bd6 11. e4 h6 12. e5 Be7 13. b3 Nb6 14. Ne4 Nd5 15. Rd1 f6 16. b4 Nd7 17. Nc5 fxe5 18. Qg6+ 1-0

[Event "4NCL Online Division 5"]
[Site "online"]
[Date "2021.09.07"]
[EventDate "2021.09.07"]
[Round "2.261"]
[White "Ivan, Austin"]
[WhiteElo "1692"]
[WhiteTeam "Harrow 4"]
[Black "Smith, Jonathan"]
[BlackElo "1445"]
[BlackTeam "Shropshire and Friends 7"]
[Result "1-0"]
[PlyCount "113"]

1. d4 d5 2. Nc3 Nf6 3. Bf4 a6 4. e3 Nc6 5. Nf3 e6 6. a3 h6 7. Bd3 Be7 8. O-O Nh5 9. Bg3 Nxg3 10. hxg3 O-O 11. Ne2 Re8 12. c4 Bf8 13. Qc2 dxc4 14. Bxc4 g6 15. Rfd1 Bd7 16. d5 exd5 17. Bxd5 Qf6 18. Nf4 Rad8 19. Qxg6+ Qxg6 20. Nxg6 b5 21. Nxf8 Kxf8 22. Rac1 Ne7 23. Ne5 Nxd5 24. Rxd5 Be6 25. Rxd8 Rxd8 26. Rxc7 Rd1+ 27. Kh2 Rd2 28. f3 Rxb2 29. Ra7 Rb3 30. Rxa6 Rxe3 31. Nc6 Bc4 32. Nb4 Kg7 33. g4 Bb3 34. Rd6 Bc4 35. Nc2 Rc3 36. Rd2 Bb3 37. Nd4 Bc4 38. Rb2 Rxa3 39. Nxb5 Bxb5 40. Rxb5 Ra6 41. Kg3 Kg6 42. Re5 f6 43. Re7 Ra2 44. f4 f5 45. Re6+ Kf7 46. Rxh6 fxg4 47. Rh4 Kf6 48. Rxg4 Kf5 49. Rg5+ Ke4 50. Re5+ Kd4 51. Re1 Ra3+ 52. Kg4 Ra8 53. f5 Rg8+ 54. Kf3 Rg5 55. g4 Rg8 56. Kf4 Rf8 57. g5 1-0

[Event "4NCL Online Division 5"]
[Site "online"]
[Date "2021.09.07"]
[EventDate "2021.09.07"]
[Round "2.262"]
[White "Casewell, John M"]
[WhiteElo "1330"]
[WhiteTeam "Shropshire and Friends 7"]
[Black "Patel, Krrish"]
[BlackElo "1562"]
[BlackTeam "Harrow 4"]
[Result "0-1"]
[PlyCount "78"]

1. c4 e5 2. Nc3 Nf6 3. g3 c6 4. Bg2 d5 5. cxd5 cxd5 6. e4 d4 7. Nd5 Nxd5 8. exd5 Nd7 9. Qa4 Bd6 10. d3 O-O 11. b4 Nb6 12. Qb3 Bd7 13. a4 Rc8 14. Bd2 Re8 15. Ne2 Qc7 16. Rc1 Qd8 17. O-O Rxc1 18. Rxc1 Bxa4 19. Qb2 Qd7 20. Ra1 Rc8 21. Nc1 Rc2 22. Qxc2 Bxc2 23. Rxa7 Qe7 24. Na2 Bxd3 25. h4 Bc4 26. Bg5 f6 27. Bd2 Bxa2 28. Rxa2 Bxb4 29. Bxb4 Qxb4 30. Ra7 Qd6 31. Rxb7 Nxd5 32. Rb5 Nc3 33. Rb7 d3 34. Bf1 d2 35. Bc4+ Kf8 36. Rf7+ Ke8 37. Ra7 d1=Q+ 38. Kg2 Qc6+ 39. Kh3 Qch1# 0-1

[Event "4NCL Online Division 5"]
[Site "online"]
[Date "2021.09.07"]
[EventDate "2021.09.07"]
[Round "2.263"]
[White "Sivanandan, Bodhana"]
[WhiteElo "1588"]
[WhiteTeam "Harrow 4"]
[Black "Evans, Alf"]
[BlackElo "1328"]
[BlackTeam "Shropshire and Friends 7"]
[Result "1-0"]
[PlyCount "125"]

1. e4 c5 2. Nc3 d6 3. f4 a6 4. a4 e6 5. Bc4 Qh4+ 6. g3 Qd8 7. Nf3 Nf6 8. d3 Nc6 9. Bd2 Be7 10. Qe2 Bd7 11. e5 dxe5 12. fxe5 Ng8 13. Ne4 Nb4 14. Bxb4 cxb4 15. Nd6+ Bxd6 16. exd6 Nf6 17. Ne5 O-O 18. Nxd7 Qxd7 19. Qe5 Rfd8 20. O-O Qxd6 21. Qg5 Qd4+ 22. Kh1 Qxb2 23. Ra2 Qd4 24. Raa1 Ng4 25. Rae1 Nf6 26. Rf4 Qc3 27. Ref1 h6 28. Qc5 Rab8 29. Qf2 Rbc8 30. Bb3 Qc6+ 31. Kg1 Qc5 32. Qxc5 Rxc5 33. Rxb4 Rd7 34. Rc4 Rxc4 35. Bxc4 a5 36. Rb1 Rc7 37. Rb5 Nd7 38. Rxa5 b6 39. Ra8+ Kh7 40. a5 bxa5 41. Rxa5 Rc5 42. Rxc5 Nxc5 43. Kf2 f6 44. d4 Ne4+ 45. Ke3 Nd6 46. Bxe6 g5 47. c4 Kg7 48. c5 Ne8 49. d5 Kf8 50. d6 h5 51. d7 Ke7 52. dxe8=Q+ Kxe8 53. Ke4 Ke7 54. Kf5 Kd8 55. Kxf6 Kc7 56. Kxg5 Kc6 57. Kxh5 Kxc5 58. g4 Kd6 59. g5 Kxe6 60. Kh6 Kf7 61. Kh7 Kf8 62. g6 Ke7 63. g7 1-0